000 00280nam a22001337a 4500
008 171101b xxu||||| |||| 00| 0 eng d
020 _a0133456048
041 _aeng
080 _a339
100 _a59
101 _aTRE
245 _aFUTURES MARKETS
_cDUFFIE,D
942 _2udc
_cBK
999 _c37031
_d37031